000 01310na a2200361 4500
001 13212
003 MIRAKIL
005 20181213155309.0
008 160908b tu 000 0
020 _a9786053992523
035 _a13212
040 _aMilas
_btur
_cTR-AnCHP
082 _a303.482
_bK84a 2012
090 _a303.482 K84a 2012
100 _aKula, Onur Bilge
245 _aAlmanya'da Türk kültürü
_bçok kültürlülük ve kültürlerarası eğitim
_cOnur Bilge Kula ; çev. Aytekin Keskin
246 _aÇok kültürlülük ve kültürlerarası eğitim
260 _aİstanbul
_bİstanbul Bilgi Üniversitesi Yayınları
_c2012
300 _aVII, 380 s.
_bfotoğ
_c23 sm.
490 _aGöç Çalışmaları
_v14
490 _aİstanbul Bilgi Üniversitesi yayınları
_v395
504 _aKaynakça(ss.353-374) ve dizin var
650 _aTürkler
_xSosyal bütünleşme
_zAlmanya
650 _aÇokkültürlü eğitim
_zAvrupa
650 _aKültürlerarası eğitim
_zAlmanya
650 _aÇokkültürlülük
_zAlmanya
650 _aTürkler
_ySosyal koşullar
_zAlmanya
650 _aÇokkültürlülük
_zAlmanya
651 _aAlmanya
_xKültür politikası
651 _aAlmanya
_xGöç alma ve göç verme
_ySosyal yönler
700 _aKeskin, Aytekin
942 _2dcc
_cBKS
999 _c10154
_d10154